| 000 | 01229 a2200241 4500 | ||
|---|---|---|---|
| 020 | _a978-0-8176-4442-0 | ||
| 040 |
_aDLC _bDLC |
||
| 082 | _a515 | ||
| 100 | 1 | _aKnapp, Anthony W. | |
| 245 | 1 | 0 |
_aAdvanced Real Analysis: [electronic resource] : Along with a companion volume Basic Real Analysis _h[electronic resource] : _bAlong with a companion volume Basic Real Analysis _cAnthony W. Knapp ; edited by Charles L. Epstein, Steven G. Krantz. |
| 260 |
_aBoston, MA : _bAnthony W. Knapp, _c2005. |
||
| 300 | _bv.: digital | ||
| 440 | 0 | _aCornerstones | |
| 650 | 0 | _aMathematical analysis | |
| 650 | 0 | _aMatematisk analys | |
| 700 | 1 | _aEpstein, Charles L. | |
| 700 | 1 | _aKrantz, Steven G. | |
| 710 | 2 | _aSpringerLink (Online service) | |
| 856 | 4 | 0 | _uhttp://www.lub.lu.se/cgi-bin/ipchk/http://dx.doi.org/10.1007/0-8176-4442-3 |
| 856 | 4 | 0 | _uhttp://link.libris.kb.se/sfxumub?url_ver=Z39.88-2004&ctx_ver=Z39.88-2004&ctx_enc=info:ofi/enc:UTF-8&rfr_id=info:sid/sfxit.com:opac_856&url_ctx_fmt=info:ofi/fmt:kev:mtx:ctx&sfx.ignore_date_threshold=1&rft.object_id=1000000000491928&svc_val_fmt=info:ofi/fmt:kev:mtx:sch_svc& |
| 856 | 4 | 0 | _uhttp://ezproxy.its.uu.se/login?url=http://dx.doi.org/10.1007/0-8176-4442-3 |
| 942 |
_cBK _k515 KNA _2ddc |
||
| 999 |
_c7539 _d7539 |
||